| 000 | 00558nam a2200217Ia 4500 | ||
|---|---|---|---|
| 008 | 170918s9999 xx 000 0 und d | ||
| 020 | _a9780439559980 | ||
| 050 | _bP924 2004 | ||
| 100 | _aPreller, James | ||
| 245 | 4 | _aThe case of the glow-in-the-dark ghost / | |
| 245 | _cJames Preller ; illustrated by Jamie Smith. | ||
| 260 | _aNew York : | ||
| 260 | _bScholastic, | ||
| 260 | _c2004 | ||
| 300 | _a70 pages : | ||
| 300 | _bcolored illustration ; | ||
| 300 | _c20cm. | ||
| 440 | _aA jigsaw Jones Mystery ; | ||
| 440 | _v24 | ||
| 500 | _a450 | ||
| 999 |
_c341493 _d341493 |
||